[Event "9.Offene Senioren SH 2015"]
[Site "Buesum"]
[Date "2015.10.02"]
[Round "5.1"]
[White "Werner, Clemens"]
[Black "Bartsch, Berthold"]
[Result "1/2-1/2"]
[WhiteElo "2330"]
[BlackElo "2323"]
[PlyCount "49"]
[EventDate "2015.??.??"]
[WhiteTeam "Karlsruher SF"]
[BlackTeam "SC Forchheim"]

1. e4 c5 2. Nf3 Nf6 3. Nc3 d5 4. exd5 Nxd5 5. Bb5+ Bd7 6. Qe2 Nxc3 7. dxc3 e6 8.
Ne5 Bxb5 9. Qxb5+ Nd7 10. Bf4 f6 11. Nc4 e5 12. O-O-O Qc7 13. Bg3 O-O-O 14. Ne3
Qc6 15. Qxc6+ bxc6 16. f3 g6 17. Bf2 Be7 18. Rhe1 Rhe8 19. g4 Nf8 20. Rxd8+ Rxd8
21. Rd1 Ne6 22. Rxd8+ Kxd8 23. Kd2 Kd7 24. Nc4 Bf8 25. Be3 1/2-1/2

[Event "9.Offene Senioren SH 2015"]
[Site "Buesum"]
[Date "2015.10.02"]
[Round "5.2"]
[White "Schumacher, Gottfried"]
[Black "Ljubarskij, Juri"]
[Result "1-0"]
[WhiteElo "2246"]
[BlackElo "2226"]
[PlyCount "71"]
[EventDate "2015.??.??"]
[WhiteTeam "HTC Bad Neuenahr"]
[BlackTeam "Hannover 96"]

1. c4 e5 2. Nc3 Nf6 3. g3 d5 4. cxd5 Nxd5 5. Bg2 Ne7 6. Nf3 Nbc6 7. O-O g6 8. b4
Bg7 9. Rb1 Bf5 10. d3 O-O 11. b5 Na5 12. Qa4 c5 13. Bg5 f6 14. Bd2 Rc8 15. Ne4
b6 16. Bxa5 bxa5 17. Nfd2 Be6 18. Rfc1 Bh6 19. Rxc5 f5 20. Rxe5 Qd7 21. Nc5 Rxc5
22. Rxc5 Bxd2 23. Qc2 Bb4 24. Rc7 Qd6 25. Rxa7 Rc8 26. Qa4 f4 27. b6 fxg3 28.
hxg3 Bc5 29. Qf4 Qxf4 30. gxf4 Nd5 31. b7 Rb8 32. Rxa5 Nc3 33. Ra8 Bd6 34. Rb6
Bxf4 35. e3 Bd5 36. exf4 1-0

[Event "9.Offene Senioren SH 2015"]
[Site "Buesum"]
[Date "2015.10.02"]
[Round "5.3"]
[White "Szenetra, Werner"]
[Black "Lutz, Albert"]
[Result "1-0"]
[WhiteElo "2200"]
[BlackElo "2204"]
[PlyCount "81"]
[EventDate "2015.??.??"]
[WhiteTeam "SV Berenbostel"]
[BlackTeam "SK Krumbach"]

1. Nf3 d5 2. g3 Nf6 3. Bg2 c6 4. O-O Bg4 5. d3 Nbd7 6. Qe1 e5 7. e4 dxe4 8. dxe4
Bc5 9. Nbd2 O-O 10. a4 b5 11. h3 Bh5 12. Nh4 Re8 13. Nb3 Bb6 14. a5 Bc7 15. Be3
Qe7 16. Nf5 Qe6 17. g4 Bg6 18. Qc3 a6 19. Rfd1 Rab8 20. Rd3 Qc4 21. f3 Nf8 22.
Nc5 Qxc3 23. Rxc3 Ra8 24. Nd3 Bxf5 25. gxf5 N8d7 26. Rxc6 Rec8 27. Nb4 Bd8 28.
Rxc8 Rxc8 29. Nxa6 Ra8 30. Nb4 Rxa5 31. Rxa5 Bxa5 32. Nc6 Be1 33. Bf1 b4 34. Bc4
Ne8 35. Kf1 Nd6 36. Bd3 Bg3 37. Nxb4 Kf8 38. Nd5 Ke8 39. c4 Nb8 40. c5 Nb7 41.
Bb5+ 1-0

[Event "9.Offene Senioren SH 2015"]
[Site "Buesum"]
[Date "2015.10.02"]
[Round "5.4"]
[White "Baum, Bernd"]
[Black "Lomer, Edmund"]
[Result "1-0"]
[WhiteElo "2264"]
[BlackElo "2034"]
[PlyCount "57"]
[EventDate "2015.??.??"]
[WhiteTeam "SV Empor Erfurt"]
[BlackTeam "Eckernfoerder SC"]

1. c4 e5 2. g3 Nf6 3. Bg2 Nc6 4. Nc3 Bc5 5. e3 O-O 6. Nge2 Re8 7. O-O a6 8. b3
Bf8 9. Bb2 d6 10. d3 Bg4 11. h3 Bf5 12. e4 Bg6 13. Qd2 Nd7 14. Nd5 f5 15. exf5
Bxf5 16. Rae1 Nc5 17. Nc1 Qd7 18. g4 Bg6 19. f4 exf4 20. Nxf4 Rxe1 21. Rxe1 Bf7
22. d4 Na4 23. bxa4 Bxc4 24. d5 Ne7 25. Qc2 b5 26. Be4 Kh8 27. Bxh7 c6 28. Rxe7
Bxe7 29. Ng6+ 1-0

[Event "9.Offene Senioren SH 2015"]
[Site "Buesum"]
[Date "2015.10.02"]
[Round "5.5"]
[White "Dahlhaus, Friedhelm"]
[Black "Ackermann, Hans Werner"]
[Result "0-1"]
[WhiteElo "2121"]
[BlackElo "2333"]
[PlyCount "54"]
[EventDate "2015.??.??"]
[WhiteTeam "DJK Wacker Bergeborbeck"]
[BlackTeam "SSC Rostock"]

1. e4 d6 2. d4 Nf6 3. Nc3 Nbd7 4. f4 e5 5. Nf3 exd4 6. Nxd4 g6 7. Bc4 Bg7 8. O-O
O-O 9. Kh1 c6 10. Bb3 Nc5 11. e5 Bg4 12. exf6 Bxd1 13. fxg7 Kxg7 14. Rxd1 Re8
15. f5 g5 16. Bd2 d5 17. Rf1 h6 18. f6+ Kh7 19. h4 Qd7 20. Nf5 Re5 21. Ne7 Qg4
22. hxg5 Nxb3 23. axb3 d4 24. Rf4 Qh5+ 25. Kg1 dxc3 26. Bxc3 Rxg5 27. Rf3 Qxf3
0-1

[Event "9.Offene Senioren SH 2015"]
[Site "Buesum"]
[Date "2015.10.02"]
[Round "5.6"]
[White "Kierzek, Matthias"]
[Black "Erhart, Uwe"]
[Result "1-0"]
[WhiteElo "2226"]
[BlackElo "2087"]
[PlyCount "99"]
[EventDate "2015.??.??"]
[WhiteTeam "SC Fulda"]
[BlackTeam "Raisdorfer SG"]

1. d4 d5 2. c4 e6 3. Nc3 Nf6 4. Bg5 Be7 5. e3 Nbd7 6. Nf3 c6 7. Bd3 dxc4 8. Bxc4
b5 9. Bd3 Bb7 10. O-O O-O 11. e4 h6 12. Bxf6 Nxf6 13. e5 Nd7 14. Be4 Qb6 15. Re1
Rfe8 16. Qe2 a6 17. Rad1 Nf8 18. h4 Rad8 19. h5 c5 20. d5 exd5 21. Nxd5 Bxd5 22.
Bxd5 Ne6 23. Qe4 Nc7 24. Bb3 Ne6 25. Qf5 Rxd1 26. Rxd1 Rd8 27. Rxd8+ Bxd8 28.
Bc2 Nf8 29. Qc8 Be7 30. Bf5 a5 31. Nd2 Qd8 32. Qxd8 Bxd8 33. Ne4 Bb6 34. Nd6 b4
35. Nc4 Bc7 36. b3 Ne6 37. Bxe6 fxe6 38. f4 Kf7 39. Kf2 Bd8 40. Ke3 g5 41. g3
gxf4+ 42. gxf4 Ke7 43. Ke4 Kd7 44. f5 exf5+ 45. Kxf5 Kc6 46. Ke6 a4 47. Kf7 axb3
48. axb3 Kd5 49. e6 Kd4 50. e7 1-0

[Event "9.Offene Senioren SH 2015"]
[Site "Buesum"]
[Date "2015.10.02"]
[Round "5.7"]
[White "Hess, Christian"]
[Black "Hunold, Rolf"]
[Result "1-0"]
[WhiteElo "2203"]
[BlackElo "2093"]
[PlyCount "81"]
[EventDate "2015.??.??"]
[WhiteTeam "FC St. Pauli"]
[BlackTeam "SV Ruhrspringer"]

1. c4 Nf6 2. Nc3 c5 3. Nf3 Nc6 4. d4 cxd4 5. Nxd4 g6 6. Nc2 Bg7 7. e4 d6 8. Be2
Be6 9. O-O Rc8 10. Bd2 O-O 11. Kh1 Ne8 12. Ne3 Nd4 13. Bd3 f5 14. exf5 Nxf5 15.
Ned5 Nf6 16. Re1 Nxd5 17. cxd5 Bd7 18. Bg5 Rf7 19. Rc1 a6 20. Qd2 Qf8 21. f3 h6
22. Bxf5 Bxf5 23. Be3 g5 24. Bd4 Rc4 25. Bxg7 Kxg7 26. Ne4 Rxc1 27. Qxc1 g4 28.
Qc3+ Kg6 29. Ng3 h5 30. Qd4 gxf3 31. gxf3 Bd7 32. Qe4+ Bf5 33. Qh4 Qh6 34. Nxf5
Rxf5 35. Qxe7 Qf4 36. Rg1+ Rg5 37. Rxg5+ Qxg5 38. Qxd6+ Kg7 39. Qg3 Kf6 40.
Qxg5+ Kxg5 41. f4+ 1-0

[Event "9.Offene Senioren SH 2015"]
[Site "Buesum"]
[Date "2015.10.02"]
[Round "5.8"]
[White "Weidlich, Guenter"]
[Black "Nickel, Arno"]
[Result "1/2-1/2"]
[WhiteElo "2197"]
[BlackElo "2087"]
[PlyCount "27"]
[EventDate "2015.??.??"]
[WhiteTeam "SV Dresden-Leuben"]
[BlackTeam "Flensburger SK"]

1. d4 Nf6 2. Nf3 d5 3. c4 c6 4. Qc2 g6 5. e3 Bg7 6. Bd3 Nbd7 7. Nc3 O-O 8. O-O
dxc4 9. Bxc4 c5 10. Rd1 cxd4 11. Nxd4 Qc7 12. Be2 a6 13. Bd2 e5 14. Nb3 1/2-1/2

[Event "9.Offene Senioren SH 2015"]
[Site "Buesum"]
[Date "2015.10.02"]
[Round "5.10"]
[White "Jacoby, Gisbert"]
[Black "Rychlik, Kurt"]
[Result "1/2-1/2"]
[WhiteElo "2151"]
[BlackElo "2060"]
[PlyCount "55"]
[EventDate "2015.??.??"]
[WhiteTeam "Hamburger SK"]
[BlackTeam "SV Berenbostel"]

1. d4 g6 2. c4 Bg7 3. Nc3 d6 4. e4 Nc6 5. d5 Nd4 6. Nge2 c5 7. Nxd4 Bxd4 8. Bd3
Bg7 9. O-O Nh6 10. h3 O-O 11. f4 f5 12. e5 dxe5 13. fxe5 Nf7 14. e6 Nd6 15. Be3
b6 16. Qd2 Ba6 17. b3 Rb8 18. a4 Bc8 19. a5 bxa5 20. Ra3 Qb6 21. Na4 Qb4 22.
Qxb4 axb4 23. Ra2 Bd4 24. Bxd4 cxd4 25. Nc5 a6 26. Nd7 Bxd7 27. exd7 Nb7 28. Bc2
1/2-1/2

[Event "9.Offene Senioren SH 2015"]
[Site "Buesum"]
[Date "2015.10.02"]
[Round "5.11"]
[White "Kurka, Dieter"]
[Black "Rueberg, Jobst"]
[Result "0-1"]
[WhiteElo "2044"]
[BlackElo "2143"]
[PlyCount "160"]
[EventDate "2015.??.??"]
[WhiteTeam "Koelner SK Dr. Lasker"]
[BlackTeam "SV Ahlen"]

1. d4 Nf6 2. c4 e6 3. g3 c5 4. Nf3 cxd4 5. Nxd4 a6 6. Bg2 Qc7 7. Qd3 d6 8. O-O
Nbd7 9. b3 Be7 10. Nc3 Ne5 11. Qd2 Bd7 12. Rd1 Rd8 13. Bb2 O-O 14. Rac1 Bc8 15.
h3 Qb8 16. e4 Nc6 17. Qe2 Nxd4 18. Rxd4 Bd7 19. a4 b6 20. Rcd1 Qc7 21. Ba3 Bc8
22. R1d2 Bb7 23. Qd1 Ne8 24. e5 Bxg2 25. Kxg2 d5 26. Bxe7 Qxe7 27. cxd5 Qc7 28.
dxe6 Rxd4 29. Rxd4 fxe6 30. Ne4 Qxe5 31. Qd3 h6 32. Rd7 Qf5 33. Qe3 b5 34. Ra7
bxa4 35. bxa4 Qd5 36. Kh2 Nd6 37. Nxd6 Qxd6 38. Qe2 Qb6 39. Rxa6 Rxf2+ 40. Kg1
Rxe2+ 41. Rxb6 Kf7 42. a5 Ra2 43. a6 Kf6 44. Rc6 g5 45. Rb6 h5 46. Kf1 g4 47.
hxg4 hxg4 48. Ke1 Kf5 49. Kf1 e5 50. Ke1 Ke4 51. Kf1 Kd3 52. Rd6+ Ke3 53. Rb6 e4
54. Rb3+ Kd2 55. Rb6 Ra1+ 56. Kg2 e3 57. Rd6+ Kc3 58. Re6 Kd4 59. Rd6+ Ke5 60.
Rd3 Ra2+ 61. Kf1 Ke4 62. Rd6 Kf3 63. Rf6+ Kxg3 64. Re6 Kf4 65. Rf6+ Ke5 66. Rg6
Kf5 67. Rg7 Rxa6 68. Ke2 Re6 69. Rf7+ Kg5 70. Rf8 Kh4 71. Rh8+ Kg3 72. Rh7 Kg2
73. Rh8 g3 74. Rh7 Kg1 75. Rg7 g2 76. Rh7 Rf6 77. Rh3 Re6 78. Rh7 Ra6 79. Kxe3
Re6+ 80. Kd2 Re4 0-1

[Event "9.Offene Senioren SH 2015"]
[Site "Buesum"]
[Date "2015.10.02"]
[Round "5.12"]
[White "Glaeser, Wilfried"]
[Black "Quiring, Nikolai"]
[Result "1/2-1/2"]
[WhiteElo "2135"]
[BlackElo "2048"]
[PlyCount "107"]
[EventDate "2015.??.??"]
[WhiteTeam "SK Anderten"]
[BlackTeam "SV VHS Rendsburg"]

1. e4 e6 2. d3 d5 3. Nd2 c5 4. Ngf3 Nc6 5. g3 Bd6 6. Bg2 Nge7 7. O-O O-O 8. Re1
Qc7 9. c3 f6 10. Qe2 Bd7 11. Nf1 d4 12. Bh3 e5 13. Bxd7 Qxd7 14. N1d2 b5 15. a4
dxc3 16. bxc3 b4 17. cxb4 Nxb4 18. Nc4 Bc7 19. Rd1 Rfd8 20. Ra3 Nc8 21. Be3 Qe6
22. Nfd2 Nb6 23. Na5 Qd7 24. Nb7 Re8 25. Nxc5 Qe7 26. a5 Nd7 27. Nxd7 Qxd7 28.
Nc4 Nc6 29. Rb1 Reb8 30. Rxb8+ Rxb8 31. Kg2 Rb5 32. Qa2 Kf8 33. a6 Bd8 34. Rb3
Nb4 35. Rxb4 Rxb4 36. Bc5+ Be7 37. Bxb4 Bxb4 38. Qb3 Qe7 39. Ne3 Bc5 40. Qb8+
Qe8 41. Qb7 Bxe3 42. fxe3 Qh5 43. Qc8+ Qe8 44. Qc4 Qf7 45. Qc5+ Qe7 46. Qc3 Qf7
47. Qb4+ Qe7 48. Qb8+ Kf7 49. Qb7 Kf8 50. Kf3 Qc5 51. Qb3 h6 52. Ke2 Ke7 53. Kd2
Qa5+ 54. Qc3 1/2-1/2

[Event "9.Offene Senioren SH 2015"]
[Site "Buesum"]
[Date "2015.10.02"]
[Round "5.13"]
[White "Gehrmann, Rudolf-Rainer"]
[Black "Weiss, Hartwig"]
[Result "1/2-1/2"]
[WhiteElo "2132"]
[BlackElo "1997"]
[PlyCount "23"]
[EventDate "2015.??.??"]
[WhiteTeam "SV Eutin"]
[BlackTeam "SK Minden"]

1. c4 e5 2. Nc3 Nf6 3. Nf3 Nc6 4. g3 d6 5. Bg2 Be6 6. d3 h6 7. b3 Qd7 8. O-O Bh3
9. Bb2 Be7 10. a3 Bxg2 11. Kxg2 d5 12. cxd5 1/2-1/2

[Event "9.Offene Senioren SH 2015"]
[Site "Buesum"]
[Date "2015.10.02"]
[Round "5.14"]
[White "Berenstein, Alexander"]
[Black "Nyberg, Ulf"]
[Result "0-1"]
[WhiteElo "2030"]
[BlackElo "2151"]
[PlyCount "100"]
[EventDate "2015.??.??"]
[WhiteTeam "SV VHS Rendsburg"]
[BlackTeam "SK Kamraterna Goeteborg"]

1. d4 e6 2. Nf3 f5 3. a3 Nf6 4. c4 Be7 5. Nc3 O-O 6. e3 d5 7. b4 Ne4 8. Qb3 c6
9. Be2 Nd7 10. h3 Bf6 11. Bb2 Qe7 12. Bd3 Kh8 13. Rf1 e5 14. O-O-O Nxc3 15. dxe5
Nxd1 16. exf6 Nxf6 17. Rxd1 Be6 18. Nd4 dxc4 19. Bxc4 Bxc4 20. Qxc4 Nd5 21. b5
Nb6 22. Qd3 cxb5 23. Qxb5 Qe4 24. Rd3 Rac8+ 25. Kd2 Nc4+ 26. Ke2 Nxb2 27. Qxb2
Qxg2 28. Ne6 f4 29. Nxf4 Qe4 30. f3 Qc6 31. Rd2 Qc4+ 32. Kf2 b5 33. Nd5 Rfd8 34.
e4 Qc1 35. Ke3 Qg1+ 36. Rf2 Rc1 37. Kf4 Rf8+ 38. Ke5 Qg5+ 39. Kd4 Rc4+ 40. Kd3
a6 41. Qd2 Qe5 42. Ke3 Rfc8 43. Rg2 Ra4 44. Qd3 Qa1 45. Kf4 Rf8+ 46. Kg4 Rxa3
47. Qe2 Qe5 48. f4 h5+ 49. Kh4 Rxf4+ 50. Nxf4 Qxf4+ 0-1

[Event "9.Offene Senioren SH 2015"]
[Site "Buesum"]
[Date "2015.10.02"]
[Round "5.15"]
[White "Hassenrueck, Helmut"]
[Black "Schwertel, Johann"]
[Result "1-0"]
[WhiteElo "2240"]
[BlackElo "1991"]
[PlyCount "129"]
[EventDate "2015.??.??"]
[WhiteTeam "SG-Gladbeck"]
[BlackTeam "SV Koblenz"]

1. d4 d5 2. Nf3 Nf6 3. c4 c6 4. Nc3 e6 5. e3 Nbd7 6. Qc2 Be7 7. b3 Bb4 8. Bd3
O-O 9. O-O Re8 10. Ne5 Nf8 11. Bd2 N6d7 12. a3 Ba5 13. b4 Bc7 14. f4 f6 15. Nxd7
Bxd7 16. e4 dxe4 17. Nxe4 f5 18. Ng5 h6 19. Nf3 Ng6 20. g3 a5 21. Rac1 axb4 22.
axb4 Bb6 23. Kg2 Qf6 24. Bc3 Qf8 25. h4 Bc7 26. Rce1 Bd6 27. c5 Bc7 28. Bc4 Qf7
29. Qb3 Nf8 30. Re2 Kh7 31. Rfe1 Qg6 32. Bd2 Re7 33. d5 cxd5 34. Bxd5 Bc6 35.
Bxc6 bxc6 36. Nd4 e5 37. fxe5 Rd8 38. Nf3 Ne6 39. Qc2 Red7 40. Qc4 Rd5 41. Bc3
f4 42. Qe4 fxg3 43. Qxg6+ Kxg6 44. Kxg3 Rd3 45. Re3 Rxe3 46. Rxe3 Kf5 47. Nd2
Nf4 48. Nc4 g5 49. hxg5 hxg5 50. Nd6+ Ke6 51. Re1 Rh8 52. Kg4 Bd8 53. Nf5 Rh3
54. Bd2 Rh8 55. Bxf4 gxf4 56. Nd4+ Kd5 57. Nf3 Rg8+ 58. Kxf4 Kc4 59. Re4+ Kb5
60. Nd4+ Ka4 61. Nxc6 Bc7 62. Nd4 Rf8+ 63. Ke3 Rf1 64. e6 Rf8 65. e7 1-0

[Event "9.Offene Senioren SH 2015"]
[Site "Buesum"]
[Date "2015.10.02"]
[Round "5.16"]
[White "Zunker, Reinhard"]
[Black "Wittkugel, Friedhelm"]
[Result "1-0"]
[WhiteElo "2135"]
[BlackElo "1944"]
[PlyCount "34"]
[EventDate "2015.??.??"]
[WhiteTeam "SV Hofheim"]
[BlackTeam "SV Kamen"]

1. e4 c6 2. Nc3 d5 3. Nf3 dxe4 4. Nxe4 Bf5 5. Ng3 Bg6 6. h4 h6 7. Ne5 Bh7 8. Qh5
g6 9. Qf3 Nf6 10. Qb3 Qc7 11. Qxf7+ Kd8 12. d4 Nbd7 13. Nxd7 Qxd7 14. Be3 Nd5
15. O-O-O Nxe3 16. fxe3 Qg4 17. Rh3 Bg8 1-0

[Event "9.Offene Senioren SH 2015"]
[Site "Buesum"]
[Date "2015.10.02"]
[Round "5.17"]
[White "Riek, Wolfgang"]
[Black "Klages, Hans Juergen"]
[Result "1/2-1/2"]
[WhiteElo "1982"]
[BlackElo "2121"]
[PlyCount "59"]
[EventDate "2015.??.??"]
[WhiteTeam "SC Muelheim"]
[BlackTeam "SVg Boehmetal"]

1. Nf3 d5 2. d4 c5 3. c3 b6 4. Bf4 Nf6 5. Nbd2 e6 6. e3 Bd6 7. Bxd6 Qxd6 8. Ne5
O-O 9. Bd3 Bb7 10. O-O Nbd7 11. Ndf3 Ne4 12. Nxd7 Qxd7 13. Ne5 Qe7 14. f3 f6 15.
Ng4 Nd6 16. Qe1 e5 17. dxe5 fxe5 18. e4 c4 19. Bc2 d4 20. cxd4 exd4 21. e5 Nf5
22. Be4 Bxe4 23. Qxe4 Kh8 24. Rfe1 c3 25. bxc3 dxc3 26. Rac1 Rac8 27. Nf6 gxf6
28. Qxf5 Qc5+ 29. Kf1 fxe5 30. Qxe5+ { Remis im 49. Zug (Anm.: nicht
rekonstruierbar).} 1/2-1/2

[Event "9.Offene Senioren SH 2015"]
[Site "Buesum"]
[Date "2015.10.02"]
[Round "5.18"]
[White "Raessler, Arndt"]
[Black "Neumann, Joachim"]
[Result "1/2-1/2"]
[WhiteElo "1944"]
[BlackElo "2105"]
[PlyCount "31"]
[EventDate "2015.??.??"]
[WhiteTeam "ASV Wismar"]
[BlackTeam "Kieler SG"]

1. d4 d5 2. Nf3 Nf6 3. Bg5 Nbd7 4. e3 g6 5. c4 c6 6. Nc3 Bg7 7. Qc2 Qa5 8. a3 h6
9. b4 Qd8 10. Bh4 Nb6 11. Bxf6 Bxf6 12. cxd5 Nxd5 13. Nxd5 cxd5 14. Bb5+ Bd7 15.
Bxd7+ Qxd7 16. O-O 1/2-1/2

[Event "9.Offene Senioren SH 2015"]
[Site "Buesum"]
[Date "2015.10.02"]
[Round "5.19"]
[White "Achenbach, Manfred"]
[Black "Josting, Friedel"]
[Result "1/2-1/2"]
[WhiteElo "2094"]
[BlackElo "1942"]
[PlyCount "79"]
[EventDate "2015.??.??"]
[WhiteTeam "SC Muelheim"]
[BlackTeam "SG Buende"]

1. Nf3 c5 2. g3 g6 3. c4 Bg7 4. Bg2 Nc6 5. Nc3 Nf6 6. O-O O-O 7. d4 cxd4 8. Nxd4
a6 9. h3 Qc7 10. Nb3 d6 11. Nd5 Nxd5 12. cxd5 Na5 13. Rb1 Bd7 14. Nxa5 Qxa5 15.
a3 h6 16. b4 Qc7 17. Be3 Rac8 18. Rc1 Qb8 19. Qd2 Kh7 20. h4 Rxc1 21. Rxc1 Rc8
22. h5 Rxc1+ 23. Qxc1 Qc8 24. hxg6+ fxg6 25. Qb1 Bf5 26. Be4 Bxe4 27. Qxe4 Bf6
28. g4 Kg7 29. Kg2 Qc3 30. a4 Qb2 31. Qd3 Qxb4 32. f4 Qxa4 33. Kf3 Qa1 34. Kg2
Qc3 35. Qe4 b5 36. Qe6 Qc4 37. g5 hxg5 38. fxg5 Qxe2+ 39. Kg1 Qe1+ 40. Kg2
1/2-1/2

[Event "9.Offene Senioren SH 2015"]
[Site "Buesum"]
[Date "2015.10.02"]
[Round "5.20"]
[White "Villing, Dieter"]
[Black "Mewes, Hans-Dieter"]
[Result "1-0"]
[WhiteElo "2066"]
[BlackElo "1929"]
[PlyCount "49"]
[EventDate "2015.??.??"]
[WhiteTeam "SK Ludwigshafen"]
[BlackTeam "TV Meckelfeld"]

1. e4 d5 2. exd5 Qxd5 3. Nc3 Qd6 4. d4 Nf6 5. Nf3 a6 6. g3 b5 7. Bg2 Bb7 8. O-O
e6 9. Bf4 Qb6 10. a4 Bd6 11. Bxd6 cxd6 12. axb5 axb5 13. Rxa8 Bxa8 14. Qd3 Bc6
15. Nh4 Bd7 16. d5 b4 17. dxe6 fxe6 18. Ne4 Nxe4 19. Qxe4 O-O 20. Nf3 h6 21. Nd4
Re8 22. Rd1 Kh8 23. Qg6 d5 24. Bxd5 Kg8 25. Nf5 1-0

[Event "9.Offene Senioren SH 2015"]
[Site "Buesum"]
[Date "2015.10.02"]
[Round "5.21"]
[White "Reinhold, Klaus"]
[Black "Bullert, Wolfgang"]
[Result "1/2-1/2"]
[WhiteElo "2057"]
[BlackElo "1923"]
[PlyCount "58"]
[EventDate "2015.??.??"]
[WhiteTeam "SC Gronau"]
[BlackTeam "SV Potsdam Mitte"]

1. d4 f5 2. Bg5 a6 3. Nc3 d5 4. e3 c6 5. h4 h6 6. Bf4 Nf6 7. Be5 Be6 8. Bxf6
exf6 9. Bd3 Rg8 10. Nge2 Bd6 11. g3 Nd7 12. Nf4 Bxf4 13. gxf4 Qe7 14. Qf3 O-O-O
15. O-O-O g5 16. hxg5 hxg5 17. Ne2 Qd6 18. Rh6 g4 19. Qg2 c5 20. c3 c4 21. Bc2
b5 22. Ng3 b4 23. Bxf5 bxc3 24. Bxe6 cxb2+ 25. Kb1 Qxe6 26. Rd2 Kc7 27. Rxb2 Qd6
28. Rh5 Nb6 29. Rh7+ Rd7 1/2-1/2

[Event "9.Offene Senioren SH 2015"]
[Site "Buesum"]
[Date "2015.10.02"]
[Round "5.22"]
[White "Juergens, Peter"]
[Black "Kierzek, Mira"]
[Result "1/2-1/2"]
[WhiteElo "1943"]
[BlackElo "2054"]
[PlyCount "53"]
[EventDate "2015.??.??"]
[WhiteTeam "SC Tempo Goettingen"]
[BlackTeam "SC Fulda"]

1. d4 Nf6 2. Nf3 d6 3. Bf4 g6 4. e3 Bg7 5. Be2 O-O 6. O-O c5 7. c3 Qb6 8. Qb3
Qc7 9. Nbd2 Nh5 10. Bg5 h6 11. Bh4 Nf6 12. Bg3 Nbd7 13. h3 a6 14. a4 b6 15. e4
e5 16. dxe5 dxe5 17. Ne1 Bb7 18. Bf3 Rac8 19. Nc2 Bc6 20. Ne3 b5 21. axb5 axb5
22. Nd5 Qd8 23. Rfd1 Re8 24. Nf1 c4 25. Qc2 Nc5 26. Nfe3 Kh8 27. Nb4 1/2-1/2

[Event "9.Offene Senioren SH 2015"]
[Site "Buesum"]
[Date "2015.10.02"]
[Round "5.23"]
[White "Schulz, Wolfgang"]
[Black "Fritsch, Juergen"]
[Result "1/2-1/2"]
[WhiteElo "2052"]
[BlackElo "1868"]
[PlyCount "120"]
[EventDate "2015.??.??"]
[WhiteTeam "Hamburger SK"]
[BlackTeam "SK Lister Turm"]

1. e4 e5 2. Nf3 Nc6 3. Bb5 g6 4. O-O Bg7 5. c3 Nge7 6. d4 exd4 7. cxd4 O-O 8.
Nc3 d5 9. exd5 Nxd5 10. Bg5 f6 11. Bh4 Nce7 12. Bc4 Kh8 13. Nxd5 Nxd5 14. Qb3
Nb6 15. Rfe1 g5 16. Bg3 h5 17. h3 Bf5 18. d5 Bd7 19. Nd4 Re8 20. Ne6 Bxe6 21.
Rxe6 Nxc4 22. Qxc4 c6 23. Rae1 Rxe6 24. dxe6 Qd5 25. Qb4 c5 26. Qb5 Qc6 27. Qxc6
bxc6 28. Bd6 f5 29. Bxc5 Bxb2 30. e7 Re8 31. Rd1 Kg8 32. Rd6 Kf7 33. Rxc6 a5 34.
Ra6 Bc3 35. Kf1 Rc8 36. Ba3 Bb4 37. Bxb4 axb4 38. Ra7 Rc2 39. g3 Rb2 40. Kg2 b3
41. axb3 Rxb3 42. Ra5 f4 43. gxf4 g4 44. h4 Rf3 45. Re5 Ke8 46. Re4 Rb3 47. Re5
Rf3 48. Rxh5 Kxe7 49. f5 Rh3 50. Rh6 Kf7 51. h5 Rf3 52. f6 Rh3 53. Kf1 g3 54.
Kg2 gxf2 55. Kxf2 Ra3 56. Ke2 Ra6 57. Rh7+ Kf8 58. f7 Rf6 59. h6 Rxf7 60. Rh8+
Ke7 1/2-1/2

[Event "9.Offene Senioren SH 2015"]
[Site "Buesum"]
[Date "2015.10.02"]
[Round "5.24"]
[White "Kracht, Helmut"]
[Black "Juenger, Leonhard"]
[Result "1-0"]
[WhiteElo "2039"]
[BlackElo "1826"]
[PlyCount "88"]
[EventDate "2015.??.??"]
[WhiteTeam "SK Kaltenkirchen"]
[BlackTeam "Aachener SV"]

1. e4 c5 2. Nc3 Nc6 3. Bb5 Nd4 4. Bc4 g6 5. Nge2 Bg7 6. O-O e6 7. d3 Ne7 8. Bg5
a6 9. a4 h6 10. Bh4 b6 11. f4 Nxe2+ 12. Qxe2 d6 13. f5 Bd4+ 14. Kh1 O-O 15. fxg6
fxg6 16. Qg4 g5 17. Bxe6+ Kg7 18. Bxc8 Qxc8 19. Qxc8 Raxc8 20. Bg3 Be5 21. Bxe5+
dxe5 22. b3 Rf6 23. Rxf6 Kxf6 24. g3 Ke6 25. Rf1 g4 26. Kg2 h5 27. Nd1 b5 28.
axb5 axb5 29. Ne3 c4 30. bxc4 bxc4 31. Nxc4 Ra8 32. Rb1 Nc6 33. Rb6 Kd7 34. Rb5
Ra2 35. Rb2 Ra1 36. h3 gxh3+ 37. Kxh3 Rh1+ 38. Kg2 Rc1 39. Nd2 Re1 40. Kf2 Rh1
41. Nf3 Rc1 42. c4 Kd6 43. Ke3 Rd1 44. Rd2 Rxd2 1-0

[Event "9.Offene Senioren SH 2015"]
[Site "Buesum"]
[Date "2015.10.02"]
[Round "5.25"]
[White "Bondick, Karl-Heinz"]
[Black "Hilbig, Klaus"]
[Result "1-0"]
[WhiteElo "2038"]
[BlackElo "1726"]
[PlyCount "81"]
[EventDate "2015.??.??"]
[WhiteTeam "USC Magdeburg"]
[BlackTeam "Ahrensburger TSV"]

1. d4 Nf6 2. c4 g6 3. Nc3 Bg7 4. e4 d6 5. f4 O-O 6. Nf3 c5 7. d5 Qa5 8. Bd2 Bd7
9. Bd3 Bg4 10. O-O Nbd7 11. h3 Bxf3 12. Rxf3 Nh5 13. g4 Bd4+ 14. Kh1 Ng7 15. Ne2
Qb6 16. Nxd4 cxd4 17. b4 e5 18. f5 Qd8 19. Rc1 b6 20. Qf1 f6 21. fxg6 hxg6 22.
Qf2 g5 23. Kg2 Rf7 24. Bxg5 Ne8 25. Rf1 Qe7 26. Bd2 Qf8 27. g5 Rg7 28. Kh2 Rg6
29. h4 Ng7 30. gxf6 Nh5 31. f7+ Kh7 32. Bg5 Kg7 33. Be2 Rxg5 34. hxg5 Nf4 35.
Rxf4 exf4 36. Qxf4 Qh8+ 37. Kg2 Qf8 38. Bg4 Rd8 39. Bxd7 Rxd7 40. Qf6+ Kh7 41.
Rh1+ 1-0

[Event "9.Offene Senioren SH 2015"]
[Site "Buesum"]
[Date "2015.10.02"]
[Round "5.26"]
[White "Duemmke, Juergen"]
[Black "Dachrodt, Heinz-Guenther"]
[Result "1/2-1/2"]
[WhiteElo "2035"]
[BlackElo "1772"]
[PlyCount "137"]
[EventDate "2015.??.??"]
[WhiteTeam "SV Grosshansdorf"]
[BlackTeam "Sport Union Annen"]

1. e4 c5 2. Nf3 d6 3. d4 cxd4 4. Qxd4 Nc6 5. Bb5 Bd7 6. Bxc6 Bxc6 7. Nc3 Nf6 8.
Bg5 Nd7 9. O-O-O Qb6 10. Qd2 O-O-O 11. Kb1 Kb8 12. Rhe1 f6 13. Be3 Qa6 14. Nd4
Rc8 15. f4 e5 16. Ne6 Be7 17. Nxg7 Rcd8 18. Nf5 Bf8 19. Nxd6 exf4 20. Bxf4 Ne5
21. Bxe5 fxe5 22. Qg5 Bxd6 23. Rxd6 Rxd6 24. Qxe5 Rhd8 25. Rd1 Ka8 26. Qxd6 Rxd6
27. Rxd6 Kb8 28. Rf6 Qc4 29. a3 Qd4 30. Rf8+ Kc7 31. Rf7+ Kb6 32. Rxh7 Bxe4 33.
Rh6+ Bc6 34. g3 Qg1+ 35. Ka2 Qc1 36. Nd5+ Kc5 37. Nf4 Qxc2 38. Rh5+ Kd6 39. Rh6+
Kd7 40. Rh5 Be4 41. Re5 Qb1+ 42. Kb3 Bc2+ 43. Kc3 Ba4 44. Nd3 Qc2+ 45. Kd4 Bc6
46. h4 Qa4+ 47. Kc3 Qd1 48. Re1 Qh5 49. Re5 Qh8 50. Kd2 a6 51. Ke3 Bb5 52. Rd5+
Ke6 53. Nf4+ Kf6 54. h5 Qe8+ 55. Kf2 Qc6 56. Rd2 Qc5+ 57. Kg2 Bc6+ 58. Kh3 Qf5+
59. Kh2 Qe4 60. Ng2 Qb1 61. g4 Kg5 62. Kg3 Bxg2 63. Rxg2 Qe1+ 64. Kh2 Qf1 65.
Rg1 Qf4+ 66. Kh3 Qf3+ 67. Kh2 Qe2+ 68. Rg2 Qf3 69. Kg1 1/2-1/2

[Event "9.Offene Senioren SH 2015"]
[Site "Buesum"]
[Date "2015.10.02"]
[Round "5.27"]
[White "Jensen, Helmut"]
[Black "Strenzke, Guenter"]
[Result "1/2-1/2"]
[WhiteElo "1923"]
[BlackElo "2018"]
[PlyCount "63"]
[EventDate "2015.??.??"]
[WhiteTeam "Schach bei Maedler"]
[BlackTeam "SCC Palame"]

1. Nf3 Nf6 2. b3 g6 3. Bb2 Bg7 4. e3 d5 5. Be2 O-O 6. O-O c5 7. d4 b6 8. Nbd2
Bb7 9. Rc1 Nbd7 10. c4 dxc4 11. Nxc4 Rc8 12. Nfe5 Nxe5 13. Nxe5 Nd7 14. Nxd7
Qxd7 15. Qd2 Rfd8 16. Rfd1 cxd4 17. Rxc8 Bxc8 18. Bxd4 Bxd4 19. Qxd4 Qxd4 20.
Rxd4 Rxd4 21. exd4 Kg7 22. f3 Kf6 23. Kf2 Ke6 24. Bc4+ Kf6 25. Ke3 Be6 26. Kf4
Bd7 27. h4 h6 28. g4 b5 29. g5+ hxg5+ 30. hxg5+ Kg7 31. Bd5 f6 32. b4 1/2-1/2